Costa Rica all time starting xi - Statistics

General Stats
  • This quiz has been taken 16 times
  • The average score is 3 of 11
Answer Stats
Hint Answer % Correct
GK(2008- Keylor Navas
100%
FW(2011- Joel Campbell
71%
MF(2005-2022 Bryan Ruiz
57%
DF(2010-2024 Bryan Oviedo
21%
MF(2008-2025 Celso Borges
21%
FW(1992-2011 Rolando Fonseca
21%
DF(2011- Francisco Calvo
14%
DF(1993-2009 Luis Marín
14%
MF(1995-2009 Walter Centeno
14%
FW(2002-2016 Álvaro Saborío
0%
DF(1995-2009 Harold Wallace
0%
No matching quizzes found
Score Distribution
Percent of People with Each Score
Percentile by Number Answered
Your Score History
You have not taken this quiz